Παράθυρο / Στην Εκπαίδευση του Παιδιού (Record no. 8768)
[ view plain ]
| 000 -LEADER | |
|---|---|
| fixed length control field | 01166cam a22001694a 4500 |
| 005 - ΗΜΕΡΟΜΗΝΙΑ ΚΑΙ ΩΡΑ ΤΕΛΕΥΤΑΙΑΣ ΕΝΗΜΕΡΩΣΗΣ | |
| Πεδίο ελέγχου | 20250605163649.0 |
| 008 - FIXED-LENGTH DATA ELEMENTS--GENERAL INFORMATION | |
| Πεδίο ελέγχου σταθερού μήκους | 250528s ||||||||||||||||||||||||d |
| 035 ## - SYSTEM CONTROL NUMBER | |
| System control number | 23842 |
| 040 ## - ΠΗΓΗ ΚΑΤΑΛΟΓΟΓΡΑΦΗΣΗΣ | |
| Φορέας πρωτότυπης καταλογογράφησης | MC Athens Campus Library |
| Γλώσσα καταλογογράφησης | Ελληνικά, Μοντέρνα (1453-) |
| Modifying agency | MC Athens Campus Library |
| Κανόνες περιγραφικής καταλογογράφησης | AACR2 |
| 245 1# - ΤΙΤΛΟΣ ΚΑΙ ΔΗΛΩΣΗ ΥΠΕΥΘΥΝΟΤΗΤΑΣ | |
| Τίτλος | Παράθυρο / Στην Εκπαίδευση του Παιδιού |
| 260 ## - PUBLICATION, DISTRIBUTION, ETC. | |
| Name of publisher, distributor, etc. | Ωρίων, |
| Date of publication, distribution, etc. | 2012 |
| 300 ## - PHYSICAL DESCRIPTION | |
| Extent | 364 |
| 520 ## - SUMMARY, ETC. | |
| Summary, etc. | Πρωτομαγιά, Η πιο Γλυκιά Μανούλα, Ήλιε μου, Ο Ήλιος που Έχασε τις Ηλιαχτίδες του, Ο Ήλιος - Χρυσάφι, Ήλιος ο Ακούραστος Θεός και το Νησί του, Ο 'Δυνατός' της Τάξης, Καμώματα και Όνειρα στην Ηλιοχώρα, Η Κορδέλα, Το Κουδουνάκι, Σήμερα τα Λουλούδια του Πασά, Εστία - Ήφαιστος, Παιχνίδια με τον Ήλιο, Ήλιος και Μυθολογία, Ήλιε μου... Βασιλιά μου..., Comic (ο) Παιχνίδια, Συζητώντας Μέσα από Ένα Παραμύθι για την Υιοθεσία. |
| 942 ## - ADDED ENTRY ELEMENTS (KOHA) | |
| Koha item type | Περιοδικά Δημοσιεύματα |
| Τύπος τεκμηρίου | Βιβλιοθήκη | Τρέχουσα τοποθεσία | Barcode | Αριθμός εισαγωγής | Ημερομηνία απόκτησης | Ταξιθετικό σύμβολο | Αριθμός αντιτύπου | Κατάσταση απόσυρσης | Κατάσταση χαμένου | Κατάσταση κατεστραμμένου | Μη δανεισμός | Σύνολο δανεισμών | Ημερομηνία τελευταίας εμφάνισης | Η τιμή ισχύει από |
|---|---|---|---|---|---|---|---|---|---|---|---|---|---|---|
| Περιοδικά Δημοσιεύματα | MC Athens Campus Library | MC Athens Campus Library | 9780000087676 | 75 | 05/06/2025 | ΠΑΡΑΘΥΡΟ | 1 | 05/06/2025 | 05/06/2025 |